000 00348nam a2200133Ia 4500
008 151001s9999||||xx |||||||||||||| ||und||
100 _aदुर्गा - भागवत
245 _a"सत्य,शिवं,सुंदरम"
250 _a1
260 _bवरदा बुक्स
260 _c1978
300 _a87
365 _b17
999 _c960402
_d960399